L'Oncle Vània : escenes de la vida rural en quatre actes / d'Anton P. Txékhov ; traducció de Feliu Formosa ; pròleg de Jordi Coca escenes de la vida rural en quatre actes / d'Anton P. Txékhov ; traducció de Feliu Formosa ; pròleg de Jordi Coca
Descripción Física:
70 p. ; 18 cm
Colección:
Biblioteca teatral ; 18
MARC
| LEADER | 00000nam a2200000Ia 4500 | ||
|---|---|---|---|
| 001 | 8380 | ||
| 008 | 160829s1983 xx 000 0 cat d | ||
| 080 | |a L-1-208 | ||
| 100 | |a Txékhov, Anton Pavlovitx |9 35532 | ||
| 245 | |a L'Oncle Vània : |b escenes de la vida rural en quatre actes / d'Anton P. Txékhov ; traducció de Feliu Formosa ; pròleg de Jordi Coca | ||
| 260 | |a Barcelona : |b Institut del Teatre de la Diputació de Barcelona : |b Edicions del Mall, |c 1983 | ||
| 300 | |a 70 p. ; |c 18 cm | ||
| 490 | |a Biblioteca teatral ; 18 | ||
| 700 | |a Formosa, Feliu, |d 1934- |e traductor |9 34955 | ||
| 700 | |a Coca, Jordi, |d 1947- |e escriptor del pròleg |9 28798 | ||
| 710 | 1 | |a Institut del Teatre (Barcelona, Catalunya) |9 52662 | |
| 901 | |a Arxiu | ||
| 942 | |n 1 |2 udc | ||
| 952 | |0 0 |1 0 |4 0 |6 L1208 |7 1 |9 46945 |a Arxiu |b Arxiu |d 2016-12-01 |l 0 |o L-1-208 |p 8380 |r 2016-12-01 00:00:00 |w 2016-12-01 |y ARXIU | ||
| 999 | |c 50738 |d 50738 | ||